C M P C. Tradición y futuro. 1920 - 2000
Saved in:
| Institution som forfatter: | |
|---|---|
| Format: | Bog |
| Sprog: | spansk |
| Udgivet: |
Santiago
CMPC
2000
|
| Udgivelse: | 1a. ed |
| Fag: | |
| Tags: |
Tilføj Tag
Ingen Tags, Vær først til at tagge denne postø!
|
MARC
| LEADER | 00000nam a2200000 a 4500 | ||
|---|---|---|---|
| 001 | UCJ7557 | ||
| 003 | CL-VaPUC | ||
| 008 | 070124e20000000CL |||||||||||||||||spa|d | ||
| 082 | 0 | 4 | |a 983 |b COM |2 21 |
| 110 | 2 | |a Compañía Manufacturera de Papeles y Cartones |e author |9 516024 | |
| 245 | 1 | 0 | |a C M P C. Tradición y futuro. 1920 - 2000 |
| 250 | |a 1a. ed | ||
| 300 | |a 203 p | ||
| 942 | |c BK | ||
| 945 | |d 20070124 00:00:00 |a rinostro | ||
| 260 | |a Santiago |b CMPC |c 2000 | ||
| 500 | |a Profusamente ilustrado con excelentes fotografías.- Se encuentra en el área de libros de formato mayor | ||
| 600 | 0 | 7 | |a ALESSANDRI RODRIGUEZ, JORGE |2 CL-VaPUC |9 359956 |
| 600 | 0 | 7 | |a MATTE OSSA, ELIODORO |2 CL-VaPUC |9 516025 |
| 600 | 0 | 7 | |a MATTE LARRAIN, ELIODORO |2 CL-VaPUC |9 516026 |
| 650 | 7 | |a EMPRESAS CHILENAS |2 CL-VaPUC |9 413234 | |
| 650 | 7 | |a INDUSTRIA PAPELERA |2 CL-VaPUC |9 262993 | |
| 650 | 7 | |a GOBIERNOS SOCIALISTAS |2 CL-VaPUC |9 516027 | |
| 650 | 7 | |a HUELGAS |2 CL-VaPUC |9 255320 | |
| 650 | 7 | |a CRISIS POLITICAS |2 CL-VaPUC |9 337669 | |
| 650 | 7 | |a TOTALITARISMO MARXISTA |2 CL-VaPUC |9 516028 | |
| 650 | 0 | |a Ilustraciones |9 369481 | |
| 650 | 0 | |a Iconografía |9 267998 | |
| 650 | 0 | |a Presidentes de Chile |9 268293 | |
| 583 | |a last modification |c 20070124 00:00:00 |k Rodrigo Vera | ||
| 999 | |c 323616 |d 323614 | ||
| 952 | |0 0 |1 0 |4 0 |6 983_000000000000000_COM_2000 |7 0 |8 X |9 403372 |a FDOBUD |b FDOBUD |d 2019-11-22 |i 1065971 |o 983 COM 2000 |p 1065971 |r 2019-11-22 |w 2019-11-22 |y BK_X |k BUD | ||